Catalog

Record Details

Catalog Search



The Message of the New Testament /  F.F. Bruce Cover Image Book Book

The Message of the New Testament /  F.F. Bruce

Bruce, F.F. (Author).

Record details

  • ISBN: 0-85364-605-8
  • Physical Description: 122 s.
  • Publisher: Carlisle UK :  The Paternoster Press ,  1972

Available copies

  • 1 of 1 copy available at Common Catalog SPOK.

Holds

  • 0 current holds with 1 total copy.
Show Only Available Copies
Location Call Number / Copy Notes Barcode Shelving Location Status Due Date
ETS Library 225.6 424470020789 Volný výběr Available -

LDR nam a22 i 4500
00158395
003CZ-PrJAB
00520250113160813.0
007ta
008250113s1972 enk e 000 0 eng
020 . ‡a0-85364-605-8
040 . ‡aABG450 ‡bcze ‡erda
08214. ‡a225.6
1001 . ‡aBruce, F.F. ‡4aut
24510. ‡aThe Message of the New Testament /  ‡bF.F. Bruce
264 1. ‡aCarlisle UK :  ‡bThe Paternoster Press ,  ‡c1972
300 . ‡a122 s.
336 . ‡atext ‡btxt ‡2rdacontent
338 . ‡asvazek ‡bnc ‡2rdacarrier
910 . ‡aABG450
901 . ‡a58395 ‡bAUTOGEN ‡c58395 ‡tbiblio

Additional Resources